Nottingham Forest Squad 2026 - Statistics

General Stats
  • This quiz has been taken 22 times
  • The average score is 22 of 28
Answer Stats
Nation Age Position Answer % Correct
Belgium 33 GK Matz Sels
100%
New Zealand 34 ST Chris Wood
95%
Brazil 23 CB Murillo
95%
Wales 24 LB Neco Williams
95%
Serbia 28 CB Nikola Milenkovic
95%
Nigeria 29 RB Ola Aina
95%
England 23 CM Elliott Anderson
91%
Ivory Coast 28 CDM Ibrahim Sangare
91%
Brazil 24 ST Igor Jesus
91%
Nigeria 28 ST Taiwo Awoniyi
91%
Brazil 29 GK John Victor
86%
England 25 CAM Morgan Gibbs-White
86%
Ukraine 29 LB Oleksandr Zinchenko
86%
Ivory Coast 34 CB Willy Boly
86%
England 25 LW Callum Hudson-Odoi
82%
Switzerland 25 RW Dan Ndoye
82%
Argentina 27 CM Nicolas Dominguez
82%
Scotland 29 GK Angus Gunn
68%
Brazil 24 CB Morato
68%
Italy 22 RB Nicolo Savona
68%
England 28 CM Ryan Yates
68%
Brazil 20 CB Jair Cunha
64%
England 22 CAM Omari Hutchinson
64%
Brazil 27 CM Douglas Luiz
59%
France 23 RW Dilane Bakwa
55%
England 23 CAM James McAtee
55%
England 19 CB Zach Abbott
55%
Brazil 22 LB Cuiabano
23%
No matching quizzes found
Score Distribution
Percent of People with Each Score
Percentile by Number Answered
Your Score History
You have not taken this quiz